000 00634nam a22001937a 4500
999 _c160787
_d160787
005 20190301113015.0
010 _aENG-124800
020 _a9788186772874
_c695.00
035 _aEN-108332
037 _bDBAD/PUB
082 _a891.2
100 _aAcharya Anil Kumar
245 _aEssays on sanskrit studies/
_cby Anil Kumar Acharya
260 _aNew Delhi
_bNew Academic Publishers
_c2016
270 _a4760-61, 23, Ansari Road, Daryaganj
_bNew Delhi
_e110002
_mnapindia@newacademicpublishers.com
300 _aix,133p.
_c21cm(Hb)
500 _aincludes bibliographical references
942 _2ddc
_cEN
_h891.2
_mACH